LEADER 01241nas 2200457-a 450 001 9910138101403321 005 20200326073147.7 011 $a1923-3183 035 $a(OCoLC)6188006 035 $a(CKB)110978976477737 035 $a(CONSER)---80640008- 035 $a(EXLCZ)99110978976477737 100 $a19800410a19569999 --- b 101 0 $afre 181 $ctxt$2rdacontent 182 $cn$2rdamedia 183 $anc$2rdacarrier 200 00$aVie des arts 210 $aMontréal $cSociété La Vie des arts 215 $avolumes $cillustrations ;$d28 cm 311 $a0042-5435 531 1 $aVie arts 606 $aArts$vPeriodicals 606 $aArt$vPériodiques 606 $aArts$2fast$3(OCoLC)fst00817721 606 $aart canadien$y20e s. (2e moitié)$vpériodique$2rero 606 $aArt contemporain$2rasuqam 608 $aElectronic journals. 608 $aPeriodicals.$2aat 608 $aPeriodicals.$2fast 608 $a[Périodique].$2rerovoc 615 0$aArts 615 6$aArt 615 7$aArts. 615 7$aart canadien 615 7$aArt contemporain. 676 $a700/.5 906 $aJOURNAL 912 $a9910138101403321 996 $aVie des arts$92187546 997 $aUNINA LEADER 01664oam 2200469 a 450 001 9910699166203321 005 20091024153019.0 035 $a(CKB)5470000002400232 035 $a(OCoLC)426887603 035 $a(EXLCZ)995470000002400232 100 $a20090721d2009 ua 0 101 0 $aeng 135 $aurmn||||||||| 181 $ctxt$2rdacontent 182 $cc$2rdamedia 183 $acr$2rdacarrier 200 10$aDrug control$b[electronic resource] $eU.S. counternarcotics cooperation with Venezuela has declined : report to the Ranking Member, Committee on Foreign Relations, U.S. Senate /$fUnited States Government Accountability Office 210 1$a[Washington, D.C.] :$cU.S. Govt. Accountability Office,$d[2009] 215 $a1 online resource (ii, 34 pages) $cillustrations maps (some color) 300 $aTitle from PDF title screen (GAO, viewed July 21, 2009) 300 $a"July 2009." 300 $a"GAO-09-806." 320 $aIncludes bibliographical references. 517 $aDrug control 606 $aDrug control$zUnited States 606 $aDrug control$zVenezuela 606 $aDrug control$xInternational cooperation 606 $aDrug traffic$zUnited States 606 $aDrug traffic$zVenezuela 615 0$aDrug control 615 0$aDrug control 615 0$aDrug control$xInternational cooperation. 615 0$aDrug traffic 615 0$aDrug traffic 712 02$aUnited States.$bCongress.$bSenate.$bCommittee on Foreign Relations. 801 0$bNDU 801 1$bNDU 801 2$bGPO 906 $aBOOK 912 $a9910699166203321 996 $aDrug control$93423577 997 $aUNINA